S auty mě baví svět : motorové opojení Aloise Samohýla /

Hlavní autor: Králík, Jan, 1954-
Korporativní autor: Škoda Auto (firma)
Další autoři: Samohýl, Alois, 1929-2011, Lisý, Tomáš, 1979-
Jazyk: Čeština
Vydáno: Praha : Pro společnost Škoda Auto vydala agentura QandA, 2009
Vydání: 1. vyd.
Témata:
Fyzický popis: 75 s. : il. (některé barev.), portréty, faksim. ; 22 cm
Knihy
Uloženo v:
LEADER 02470nam a2200649 a 4500
001 nkc20092011594
003 CZ PrNK
005 20100204093917.0
007 ta
008 091119s2009 xr ach e 000 0bcze
015 |a cnb002011594 
020 |a 978-80-254-6045-0  |q (váz.) :  |c neprodejné 
035 |a (OCoLC)551390743 
040 |a OLA001  |b cze 
043 |a e-xr---  |b e-xr-zl  |2 czenas 
045 |a x2y0 
072 7 |a 629  |x Dopravní prostředky  |2 Konspekt  |9 19 
072 7 |a 929  |x Biografie  |2 Konspekt  |9 8 
080 |a 658.114-051  |2 MRF 
080 |a 379.824-051  |2 MRF 
080 |a 796.71.071.2  |2 MRF 
080 |a 929  |2 MRF 
080 |a 629.331  |2 MRF 
080 |a (437.323)  |2 MRF 
080 |a (092)  |2 MRF 
080 |a (0:82-94)  |2 MRF 
100 1 |a Králík, Jan,  |d 1954-  |7 jn99240000549  |4 aut 
245 1 0 |a S auty mě baví svět :  |b motorové opojení Aloise Samohýla /  |c ptal se, naslouchal a zapsal Jan Králík ; foto Tomáš Lisý ... [et al.] 
246 3 0 |a Motorové opojení Aloise Samohýla 
250 |a 1. vyd. 
260 |a Praha :  |b Pro společnost Škoda Auto vydala agentura QandA,  |c 2009 
300 |a 75 s. :  |b il. (některé barev.), portréty, faksim. ;  |c 22 cm 
600 1 7 |a Samohýl, Alois,  |d 1929-2011  |7 ola2010548284  |2 czenas 
648 4 |a 1929-2009 
650 0 7 |a podnikatelé  |7 ph124163  |z Česko  |y 20.-21. století  |2 czenas 
650 0 7 |a sběratelé  |7 ph125434  |z Česko  |y 20.-21. století  |2 czenas 
650 0 7 |a automobiloví závodníci  |7 ph118704  |z Česko  |y 20. století  |2 czenas 
650 0 7 |a Škoda (automobily)  |7 ph127770  |2 czenas 
650 0 9 |a businessmen  |z Czechia  |y 20th-21st centuries  |2 eczenas 
650 0 9 |a collectors  |z Czechia  |y 20th-21st centuries  |2 eczenas 
650 0 9 |a automobile racing drivers  |z Czechia  |y 20th century  |2 eczenas 
650 0 9 |a Škoda automobile  |2 eczenas 
651 7 |a Zlín (Česko)  |7 ge128609  |2 czenas 
651 9 |a Zlín (Czechia)  |2 eczenas 
655 7 |a autobiografie  |7 fd131855  |2 czenas 
655 7 |a vzpomínky  |7 fd133830  |2 czenas 
655 9 |a autobiography  |2 eczenas 
655 9 |a reminiscences  |2 eczenas 
700 1 |a Samohýl, Alois,  |d 1929-2011  |7 ola2010548284  |4 aut 
700 1 |a Lisý, Tomáš,  |d 1979-  |7 ola2010548289  |4 pht 
710 2 |a Škoda Auto (firma)  |7 kn20020409007 
910 2 |a BOA001  |b 2-1235.252 
928 9 |a QandA 
990 |a BK 
995 |a 01 
991 |b 201001  |c NOV 
996 6 |b 2610405134  |c 2-1235.252  |l MZK  |r Sklad / do 1 hodiny  |n 4  |p p.v.  |w 001103785  |u 000010  |a 1  |e BOA001  |j MZK50  |s P